000 00305nam a22001097a 4500
008 211026b ||||| |||| 00| 0 eng d
050 _a170
_b1
245 _aSunday School(Text Cum Workbook)
260 _aBangalore
_bChildren's Educational And Charitable Institution
_c2003
300 _a1
942 _2ddc
_cBK
999 _c11852
_d11852